| 000 | 01171cam4a220026500 4500 | ||
|---|---|---|---|
| 001 | tmp15217899 | ||
| 003 | UPRA | ||
| 005 | 20190815110040.0 | ||
| 008 | 950717r19671896nyu eng u | ||
| 035 | _a(Sirsi) r78645 | ||
| 035 | _a(UPRA)tmp15217899 | ||
| 040 | _cUPRA | ||
| 050 | 0 | _aDC 106.9.C723 1967 | |
| 100 | 1 |
_aComines, Phillipe de. _6A38448.1 |
|
| 245 | 1 | 4 |
_aThe history of Comines / _cEnglished by Thomas Danett, anno 1596 ; with an introduction by Charles Whibley. |
| 260 |
_aNew York : _bAMS Press, _c1967. |
||
| 490 | 1 |
_aThe Tudor translations, ed. by W.E. Henley ; _vv. 17-18 |
|
| 500 | _aOriginally published by David Nutt in 1896. | ||
| 651 | 0 |
_aFrance -- History -- House of Valois, 1328-1589. _xFrance -- History -- House of Valois, 1328-1589. _yFrance -- History -- House of Valois, 1328-1589. _6S30243.1 |
|
| 700 | 1 |
_aDanett, Thomas, fl. 1566-1601. _dDanett, Thomas, fl. 1566-1601. _6A38449.1 |
|
| 830 | 0 |
_aTudor translations ; _vvol. 17-18. _6S380.1 |
|
| 949 |
_aDC 106.9.C723 1967 _vVOL. 1 _wlcc _i33729000069216 _mMAIN _p2500 _tBOOK _lON-SHELF |
||
| 949 |
_aDC 106.9.C723 1967 _vVOL. 2 _wlcc _i33729000073564 _mMAIN _p2500 _tBOOK _lON-SHELF |
||
| 004 | 78645 | ||
| 999 |
_c68801 _d68801 |
||